000 00538nam a2200169Ia 4500
003 LK-CoDNM
008 010623t2012 xxu||||| |||| 00| 1 sin d
040 _aLK-CoDNM
_dLK-CoDNM
_eLK-CoDNM
041 _asin
080 _aX398 VIM
100 _aVimalajothi himi,Sri Welegammadde
245 _aයාතු කර්ම හා ඒවායේ අන්ත්‍රගත ආගම්ක ලක්ෂණ
246 _aYatu Karma ha Ewaye Anthargatha Agamika Lakshana
260 _bS.n
_aS.I
_c2012
300 _b136, 21 cm
942 _cBK
999 _c132737
_d132737